Periphery Silhouette Lyrics - Statistics

General Stats
  • This quiz has been taken 2 times
  • The average score is 134 of 212
Answer Stats
Answer % Correct
a
100%
and
100%
as
100%
he
100%
him
100%
his
100%
in
100%
is
100%
it
100%
its
100%
just
100%
like
100%
Love
100%
me
100%
of
100%
on
100%
silhouette
100%
so
100%
the
100%
to
100%
we
100%
we're
100%
were
100%
where
100%
who
100%
will
100%
your
100%
all
50%
along
50%
back
50%
begin
50%
blue
50%
boy
50%
breathe
50%
but
50%
cant
50%
cells
50%
circling
50%
colors
50%
come
50%
disbelief
50%
do
50%
does
50%
down
50%
else
50%
everybody
50%
fade
50%
find
50%
for
50%
funeral
50%
gets
50%
go
50%
gone
50%
gray
50%
hall
50%
have
50%
hazy
50%
hes
50%
hues
50%
inside
50%
know
50%
left
50%
Light
50%
light
50%
little
50%
Loss
50%
memory
50%
move
50%
movie
50%
only
50%
our
50%
parody
50%
part
50%
passing
50%
past
50%
path
50%
piecing
50%
purge
50%
puzzle
50%
Relive
50%
replays
50%
see
50%
seven
50%
somebody
50%
someone
50%
step
50%
still
50%
take
50%
that
50%
through
50%
undone
50%
vibe
50%
wake
50%
walking
50%
was
50%
well
50%
what
50%
wishing
50%
years
50%
afterglow
0%
answers
0%
close
0%
clues
0%
coffin
0%
friend
0%
from
0%
grow
0%
hanging
0%
Leave
0%
life
0%
mind
0%
mine
0%
moved
0%
not
0%
once
0%
out
0%
people
0%
seeking
0%
self
0%
shed
0%
soak
0%
stereo
0%
this
0%
turning
0%
viewing
0%
wall
0%
weve
0%
world
0%
No matching quizzes found
Score Distribution
Percent of People with Each Score
Percentile by Number Answered
Your Score History
You have not taken this quiz